La Comarca, unidad urbanística : temas provinciales / temas provinciales /
Descripción Física:
Il·lustracions
Colección:
San Jorge,
; núm. 1 (gener 1951), pàg. 51-61
Materias:
Urbanisme -- Maresme (Catalunya)
; Desenvolupament urbà -- Barcelona (Catalunya : Província)
Idioma:
Español
MARC
| LEADER | 00000naa a2200000 a 4500 | ||
|---|---|---|---|
| 008 | 160829s1951 spcaxx spa c | ||
| 100 | 1 | |a Baldrich i Tibau, Manuel, |d 1911-1966 |9 21224 | |
| 245 | 1 | 3 | |a La Comarca, unidad urbanística : |b temas provinciales / |c por Manuel Baldrich Tibau |
| 300 | |b Il·lustracions | ||
| 490 | |a San Jorge, |v núm. 1 (gener 1951), pàg. 51-61 | ||
| 650 | 0 | |a Urbanisme |z Maresme (Catalunya) |9 54527 | |
| 650 | 0 | |a Desenvolupament urbà |z Barcelona (Catalunya : Província) |9 40849 | |
| 773 | |t San Jorge. |g Núm. 1 (gener 1951), pàg. 51-61 | ||
| 901 | |a Arxiu | ||
| 942 | |n 1 |2 udc |c ART | ||
| 952 | |0 0 |1 0 |2 udc |4 0 |6 REV508 |7 1 |9 64518 |a Arxiu |b Arxiu |d 2022-11-30 |o Rev-508 |r 2022-11-30 00:00:00 |w 2022-11-30 |y ARXIU |z També disponible a Rev-521 | ||
| 999 | |c 43762 |d 43762 | ||